| 000 | 00832nam a2200241 i 4500 | ||
|---|---|---|---|
| 001 | 125111 | ||
| 003 | ES-MaACL | ||
| 005 | 20230906192545.0 | ||
| 007 | t| | ||
| 008 | 070504s1931 sp ||||1| spa d | ||
| 080 | _a86-221"19" | ||
| 100 | 1 |
_aMilla, Fernando de la. _981121 |
|
| 245 | 1 | 0 |
_aPirueta _b: comedia en tres actos / _cFernando de la Milla ; dibujos de Merlo. |
| 260 |
_aMadrid : _bRivadeneyra, _c1931. |
||
| 300 |
_a70 p. ; _c17 cm. |
||
| 490 | 1 |
_aLa Farsa ; _v175 |
|
| 500 | _aEstrenada en el Teatro Reina Victoria, de Madrid, la noche del 10 de diciembre de 1930. | ||
| 500 | _aCubierta de este número: Sagra del Río y Fernando Soler en una escena de Pirueta. | ||
| 700 | 1 |
_aMerlo, Antonio. _980579 |
|
| 830 | 0 |
_aLa Farsa ; _v175 _9185863 |
|
| 852 |
_aES-MaACL _j2223-F-3 _bR.140737 |
||
| 999 |
_c125111 _d125111 |
||